[Event "Stockholm-B"]
[Site "Stockholm"]
[Date "1995.??.??"]
[Round "9"]
[White "Hedman, Erik"]
[Black "Stukalov, Vladimir"]
[Result "1-0"]
[WhiteElo "2280"]
[BlackElo "2235"]
[PlyCount "39"]
[EventDate "1995.08.??"]
[EventType "tourn"]
[EventRounds "11"]
[EventCountry "SWE"]
[EventCategory "4"]
[SourceTitle "EXT 1998"]
[Source "ChessBase"]
[SourceDate "1997.11.17"]
[SourceVersion "1"]
[SourceVersionDate "1997.11.17"]
[SourceQuality "1"]

1. d4 Nf6 2. c4 g6 3. Nc3 Bg7 4. e4 d6 5. Be2 0-0 6. Bg5 Na6 7. f4 h6 8. Bh4 c5 9. d5 Qa5 10. Qd2 e6 11. e5 dxe5 12. fxe5 Nd7 13. Nf3 Nxe5 14. Nxe5 Bxe5 15. 0-0 Bg7 16. Bf6 exd5 17. b4 Qxb4 18. Rab1 Qa5 19. Rb5 Qc7 20. Nxd5 1-0

[Event "Stockholm-B"]
[Site "Stockholm"]
[Date "1995.??.??"]
[Round "11"]
[White "Kochetkov, German"]
[Black "Stukalov, Vladimir"]
[Result "1-0"]
[WhiteElo "2465"]
[BlackElo "2235"]
[PlyCount "51"]
[EventDate "1995.08.??"]
[EventType "tourn"]
[EventRounds "11"]
[EventCountry "SWE"]
[EventCategory "4"]
[SourceTitle "EXT 1998"]
[Source "ChessBase"]
[SourceDate "1997.11.17"]
[SourceVersion "1"]
[SourceVersionDate "1997.11.17"]
[SourceQuality "1"]

1. g3 Nf6 2. Bg2 g6 3. e4 d6 4. d4 Bg7 5. Ne2 0-0 6. 0-0 e5 7. Nbc3 c6 8. a4 a5 9. h3 Na6 10. Be3 Nb4 11. f4 Be6 12. b3 Qc8 13. g4 exf4 14. Bxf4 d5 15. Bd6 Re8 16. e5 Nd7 17. Nf4 Nf8 18. Nce2 Qd7 19. Qd2 Rac8 20. Rac1 f5 21. c3 Na6 22. Nxe6 Rxe6 23. gxf5 gxf5 24. Qg5 Rxd6 25. exd6 Re8 26. Ng3 1-0

[Event "Pavlograd"]
[Site "Pavlograd"]
[Date "1995.??.??"]
[Round "?"]
[White "Krivoshey, Sergei"]
[Black "Stukalov, Vladimir"]
[Result "1-0"]
[WhiteElo "2420"]
[BlackElo "2235"]
[PlyCount "97"]
[EventDate "1995.??.??"]
[EventType "game"]
[EventRounds "1"]
[EventCountry "UKR"]
[SourceTitle "EXT 2010"]
[Source "ChessBase"]
[SourceDate "2010.11.25"]
[SourceVersion "1"]
[SourceVersionDate "2010.11.25"]
[SourceQuality "1"]

1. d4 Nf6 2. c4 g6 3. Nc3 Bg7 4. e4 d6 5. Nf3 0-0 6. Be2 e5 7. 0-0 Nc6 8. d5 Ne7 9. Ne1 Nd7 10. Be3 f5 11. f3 f4 12. Bf2 g5 13. a4 Ng6 14. a5 h5 15. Kh1 Nf6 16. c5 g4 17. cxd6 cxd6 18. Nb5 g3 19. Bg1 gxh2 20. Bxa7 h4 21. Bb6 Qe7 22. Nc7 Nh5 23. Nxa8 Ng3+ 24. Kxh2 h3 25. Nc7 Qh4 26. Ne6 Kf7 27. gxh3 Rh8 28. Kg1 Bf6 29. Ng2 Qxh3 30. Kf2 Nxe4+ 31. Ke1 Qg3+ 32. Bf2 Nxf2 33. Rxf2 Rh2 34. Bf1 Nh4 35. Qc2 Nxf3+ 36. Kd1 Bxe6 37. dxe6+ Kg7 38. Ra3 e4 39. e7 Rh8 40. Qxe4 Qxf2 41. Rxf3 Qxb2 42. e8N+ Rxe8 43. Qxe8 Qa1+ 44. Ke2 Qb2+ 45. Ke1 Bc3+ 46. Rxc3 Qxc3+ 47. Kf2 Qg3+ 48. Kg1 f3 49. Qe7+ 1-0

[Event "Yalta op"]
[Site "Yalta"]
[Date "1995.??.??"]
[Round "3"]
[White "Stukalov, Vladimir"]
[Black "Golubev, Mikhail"]
[Result "0-1"]
[WhiteElo "2235"]
[BlackElo "2570"]
[PlyCount "54"]
[EventDate "1995.??.??"]
[EventType "swiss"]
[EventRounds "9"]
[EventCountry "UKR"]
[SourceTitle "CBM 047 Extra"]
[Source "ChessBase"]
[SourceDate "1995.09.01"]
[SourceVersion "1"]
[SourceVersionDate "1995.09.01"]
[SourceQuality "1"]

1. e4 c5 2. c3 Nf6 3. e5 Nd5 4. d4 cxd4 5. Nf3 d6 6. cxd4 Nc6 7. exd6 Qxd6 8. Nc3 g6 9. Be2 Bg7 10. 0-0 0-0 11. Nb5 Qd8 12. h3 Bf5 13. a3 Rc8 14. Bg5 h6 15. Bd2 Kh7 16. Be3 Qb6 17. g4 Be6 18. Nc3 Qxb2 19. Na4 Nxe3 20. fxe3 Qb3 21. Qxb3 Bxb3 22. Nc5 Bd5 23. Rad1 b6 24. Nd7 Rg8 25. Nde5 Bxe5 26. Nxe5 Nxe5 27. dxe5 Rc5 0-1